| 000 | 01724nam a2200133Ia 4500 | ||
|---|---|---|---|
| 008 | 220615s9999||||xx |||||||||||||| ||und|| | ||
| 020 | _a9783040000000 | ||
| 245 | 0 | _aAdvances in Hydrogen Energy | |
| 546 | _aEnglish[eng] | ||
| 650 | _amethanol steam reforming||hydrogen production||exhaust waste heat||rib microreactor||air-cooled proton exchange membrane fuel cells||adiabatic fuel cell temperature||thermodynamic analysis of proton exchange membrane fuel cells||ammonia||hydrogen||production||storage||utilization||CO2 free||hydrogen storage||hydrogen compression||non-mechanical compressors||electrochemical compressors||activated carbons||computational analysis||high-pressure methanol steam reformer||phase change heat transfer||high pressure steam condensation||high temperature PEM||fuel cell||electro-osmotic drag||polymer electrolyte membrane||proton exchange membrane fuel cells||proton exchange membrane electrolyzer cells||membrane water transport||elementary reactions steps||rate-determining step||solid oxide electrolysis cell||multi-physics||optimal rib/pitch ratio||parameters sensitivity||analytical expression||SOFC||system||model||stack test||hydrogen systems||cryogenics||vortex tubes||computational fluid dynamics||low melting metal||Al-based alloy||metal smelting||fuel cells||hydrogen hybrid energy system||thermography||CFD modeling||heat transfer||optimization||PEM||fault||diagnosis||electrochemical impedance spectroscopy||distribution of relaxation times||reformate||proton exchange membrane fuel cell||gas diffusion layer||microscopic porous layer||fracture||two phase flow | ||
| 700 | _aAraya, Samuel Simon||Liso, Vincenzo | ||
| 856 | _uhttps://mdpi.com/books/pdfview/book/4366 | ||
| 942 | _cEB | ||
| 999 |
_c17830 _d17830 |
||